Kraje w UE - Statystyki

Ogólne statystyki
  • Ten quiz został rozwiązany 51 razy
  • Średni wynik to 22 z 27
Statystyki odpowiedzi
Hint Odpowiedź % Poprawnych
Niemcy
97%
nie ma euro Polska
97%
nie ma euro Szwecja
94%
Słowacja
91%
Słowenia
91%
Belgia
88%
nie ma euro Czechy
88%
Francja
88%
Hiszpania
88%
Holandia
88%
nie ma euro Rumunia
88%
Estonia
85%
Finlandia
85%
Litwa
85%
Łotwa
85%
Chorwacja
82%
nie ma euro Węgry
82%
Włochy
82%
nie ma euro Bułgaria
79%
nie ma euro Dania
79%
Luksemburg
79%
Austria
76%
Portugalia
76%
Nie jest w schengen Irlandia
73%
Grecja
67%
Nie jest w schengen Cypr
64%
Malta
58%
Nie znaleziono quizów pasujących do podanych kryteriów
Rozkład punktacji
Procent ludzi z każdym wynikiem
Percentyl według liczby udzielonych odpowiedzi
Twoja historia wyników
Nie rozwiązałeś tego quizu